000 00863nmc a2200337 a 4500
003 AR-BaBNM
005 20251128205815.0
008 011101s1978 ||||||||||||||000 | spa||
020 _a84-7053-187-5
040 _cAR-BaBNM
100 1 _aMarx, Karl
245 1 0 _aTextos sobre educación y enseñanza
260 _aMadrid
_bAlberto Corazón
_c1978
300 0 _a164 p.
490 0 _aComunicación
_vv. 64
504 _aBibliografía: p. 163-164
650 4 _aMARXISMO
650 4 _aEDUCACION
650 4 _aENSENANZA
650 4 _aTRABAJO
650 4 _aCLASE OBRERA
650 4 _aDIVISION DEL TRABAJO
650 4 _aTEORIA DE LA EDUCACION
650 4 _aFILOSOFIA DE LA EDUCACION
650 4 _aCAMBIO SOCIAL
650 4 _aSIGLO DIECINUEVE
653 0 _aECONOMIA POLITICA
700 1 _aEngels, Friedrich
942 _cBK
998 _carturo
999 _c12887
_d12887